MARC details
| 000 -LEADER |
| campo de control de longitud fija |
01334nam a22002655i 4500 |
| 001 - NÚMERO DE CONTROL |
| campo de control |
163786 |
| 003 - IDENTIFICADOR DE NÚMERO DE CONTROL |
| campo de control |
ES-MaACL |
| 005 - FECHA Y HORA DE LA ÚLTIMA TRANSACCIÓN |
| campo de control |
20251122063134.0 |
| 008 - DATOS DE LONGITUD FIJA--INFORMACIÓN GENERAL |
| campo de control de longitud fija |
000614s1901 sp |||| | spa d |
| 080 ## - NÚMERO DE LA CLASIFICACIÓN DECIMAL UNIVERSAL |
| Número de la Clasificación Decimal Universal |
821.134.2 Cervantes Saavedra, Miguel de 7 Celoso extremeño.07 |
| 080 ## - NÚMERO DE LA CLASIFICACIÓN DECIMAL UNIVERSAL |
| Número de la Clasificación Decimal Universal |
929 Álvarez de Soria, Alonso |
| 100 1# - ENTRADA PRINCIPAL--NOMBRE DE PERSONA |
| Nombre de persona |
Rodríguez Marín, Francisco, |
| Fechas asociadas al nombre |
1855-1943 |
| 9 (RLIN) |
98634 |
| 245 13 - MENCIÓN DEL TÍTULO |
| Título |
El Loaysa de "El celoso extremeño" : |
| Resto del título |
estudio histórico-literario / |
| Mención de responsabilidad, etc. |
por Francisco Rodríguez Marín. |
| 260 ## - PUBLICACIÓN, DISTRIBUCIÓN, ETC. |
| Lugar de publicación, distribución, etc. |
Sevilla : |
| Nombre del editor, distribuidor, etc. |
[s.n.], |
| Fecha de publicación, distribución, etc. |
1901 ( |
| Fabricante |
Tip. de Francisco de P. Díaz) |
| 300 ## - DESCRIPCIÓN FÍSICA |
| Extensión |
369 p. , [1] h. pleg. ; |
| Dimensiones |
23 cm. |
| 505 8# - NOTA DE CONTENIDO CON FORMATO |
| Nota de contenido con formato |
Contiene: El celoso extremeño . Alonso Álvarez de Soria . Alonso Álvarez de Soria es el "Loaysa" de "El celoso extremeño" . Apéndices: Documentos. Facsímiles. Genealogía |
| 530 ## - NOTA DISPONIBLE DE FORMULARIO FÍSICO ADICIONAL |
| Nota de formato físico adicional disponible |
Disponible en formato digital. |
| 600 17 - PUNTO DE ACCESO ADICIONAL DE MATERIA--NOMBRE DE PERSONA |
| Nombre de persona |
Cervantes Saavedra, Miguel de, |
| Fechas asociadas al nombre |
1547-1616. |
| Título de la obra |
El celoso extremeño |
| Fuente del encabezamiento o término |
|
| 9 (RLIN) |
147692 |
| 600 17 - PUNTO DE ACCESO ADICIONAL DE MATERIA--NOMBRE DE PERSONA |
| Nombre de persona |
Cervantes Saavedra, Miguel de, |
| Fechas asociadas al nombre |
1547-1616- |
| Subdivisión general |
Personajes |
| Fuente del encabezamiento o término |
|
| 9 (RLIN) |
158912 |
| 600 14 - PUNTO DE ACCESO ADICIONAL DE MATERIA--NOMBRE DE PERSONA |
| Nombre de persona |
Álvarez de Soria, Alonso, |
| Fechas asociadas al nombre |
1573-1603 |
| 9 (RLIN) |
173134 |
| 740 32 - ENTRADA AGREGADA--TÍTULO RELACIONADO/ANALÍTICO NO CONTROLADO |
| Título relacionado o analítico no controlado |
El celoso extremeño. |
| 852 ## - LOCALIZACIÓN |
| Ubicación |
ES-MaACL |
| Número de control de estantería |
F-6577 |
| Nota libre |
- Enc. hol., conservando cub. original |
| 856 ## - LOCALIZACIÓN Y ACCESO ELECTRÓNICOS |
| Identificador Uniforme de Recursos |
<a href="https://archive.org/details/elloaysadeelcelo00rodr ">https://archive.org/details/elloaysadeelcelo00rodr </a> |
| Nota pública |
Internet Archive |